Judges & Ruth : (Record no. 5024)
[ view plain ]
| 000 -LEADER | |
|---|---|
| fixed length control field | 01071cam a22002897a 4500 |
| 001 - CONTROL NUMBER | |
| control field | 48566 |
| 003 - CONTROL NUMBER IDENTIFIER | |
| control field | GBCCL |
| 005 - DATE AND TIME OF LATEST TRANSACTION | |
| control field | 20241126110532.0 |
| 008 - FIXED-LENGTH DATA ELEMENTS--GENERAL INFORMATION | |
| fixed length control field | 930719t19891968ilua 000 0 eng |
| 010 ## - | |
| -- | 93178871 |
| 020 ## - INTERNATIONAL STANDARD BOOK NUMBER | |
| International Standard Book Number | 0802444849 |
| 040 ## - CATALOGING SOURCE | |
| Original cataloging agency | DLC |
| Transcribing agency | DLC |
| Modifying agency | DLC |
| 050 00 - | |
| -- | BS1305.5 |
| -- | .J46 1968 |
| 082 ## - DEWEY DECIMAL CLASSIFICATION NUMBER | |
| Classification number | 220.07 |
| -- | 222.3061 |
| Item number | JEN |
| 100 1# - MAIN ENTRY--PERSONAL NAME | |
| Personal name | Jensen, Irving L. |
| Fuller form of name | (Irving Lester), |
| Dates associated with a name | 1920- |
| 9 (RLIN) | 4208 |
| 245 10 - TITLE STATEMENT | |
| Title | Judges & Ruth : |
| Remainder of title | a self-study guide / |
| Statement of responsibility, etc. | Irving L. Jensen. |
| 260 ## - PUBLICATION, DISTRIBUTION, ETC. | |
| Place of publication, distribution, etc. | Chicago : |
| Name of publisher, distributor, etc. | Moody Press, |
| Date of publication, distribution, etc. | [1989?], c1968. |
| 300 ## - PHYSICAL DESCRIPTION | |
| Extent | 93 p. : |
| Other physical details | ill. ; |
| Dimensions | 22 cm. |
| 630 00 - SUBJECT ADDED ENTRY--UNIFORM TITLE | |
| Uniform title | Bible. |
| Name of part/section of a work | Judges |
| General subdivision | Study and teaching. |
| 9 (RLIN) | 8147 |
| 630 00 - SUBJECT ADDED ENTRY--UNIFORM TITLE | |
| Uniform title | Bible. |
| Name of part/section of a work | Ruth |
| General subdivision | Study and teaching. |
| 9 (RLIN) | 8148 |
| 740 0# - | |
| -- | Judges and Ruth. |
| 856 42 - ELECTRONIC LOCATION AND ACCESS | |
| Materials specified | Contributor biographical information |
| Uniform Resource Identifier | <a href="http://www.loc.gov/catdir/enhancements/fy1105/93178871-b.html">http://www.loc.gov/catdir/enhancements/fy1105/93178871-b.html</a> |
| 856 42 - ELECTRONIC LOCATION AND ACCESS | |
| Materials specified | Publisher description |
| Uniform Resource Identifier | <a href="http://www.loc.gov/catdir/enhancements/fy1105/93178871-d.html">http://www.loc.gov/catdir/enhancements/fy1105/93178871-d.html</a> |
| 906 ## - LOCAL DATA ELEMENT F, LDF (RLIN) | |
| a | 0 |
| b | ibc |
| c | orignew |
| d | 4 |
| e | ncip |
| f | 19 |
| g | y-gencatlg |
| 942 ## - ADDED ENTRY ELEMENTS (KOHA) | |
| Source of classification or shelving scheme | Dewey Decimal Classification |
| Koha item type | Books |
| Koha issues (borrowed), all copies | 2 |
| Withdrawn status | Lost status | Source of classification or shelving scheme | Damaged status | Not for loan | Home library | Current Library | Shelving location | Date acquired | Total checkouts | Full call number | Barcode | Date last seen | Date last checked out | Copy number | Price effective from | Koha item type |
|---|---|---|---|---|---|---|---|---|---|---|---|---|---|---|---|---|
| Dewey Decimal Classification | GRACE BIBLE COLLEGE | GRACE BIBLE COLLEGE | Biblical Studies | 2018-02-21 | 2 | 220.07 JEN | 005822 | 2025-05-01 | 2020-03-03 | c.1 | 2018-02-21 | Books |